| 000 | 02323cam a2200253 4500 | ||
|---|---|---|---|
| 001 | 1670 | ||
| 005 | 20230410102033.0 | ||
| 008 | 060907n1999 dr spa | ||
| 020 | _a8489525625 | ||
| 035 | _9funglode1678 | ||
| 041 | _aES | ||
| 020 | _a8489525625 | ||
| 050 | 1 | 4 |
_a118 HD 9114 _bC965a 1999 |
| 100 | 1 | _aCuevas P., Héctor E | |
| 245 | 1 | 3 |
_aEl azúcar se ahogó en la melaza : _bquinientos años de azúcar / _cHéctor E. Cuevas P. |
| 260 |
_aSanto Domingo : _bInstituto Tecnológico de Santo Domingo (INTEC), _c1999 |
||
| 300 |
_a227 p. : _bill. ; _c21 cm. |
||
| 504 | _aIncludes bibliographical references (p. 221-227). | ||
| 520 | _aLa ruta de la caña de azúcar, 3. -- La industria azucarera en la española, 5. -- Inicio de la producción de azúcar en Brasil, 14. -- Desarrollo de la industria azucarera en el Caribe, 18. -- La industria azucarera en el Santo Domingo francés, 21. -- Inicio de la industria azucarera cubana, 33. -- La superproducción : Amenaza permanente, 38. -- La emancipación de los esclavos, 44. -- Migraciones indúes hacia la región del Caribe, 50. -- Importaciones de chinos para la industria azucarera cubana, 55. -- Renacimiento de la industria azucarera dominicana, 59. -- Críticos de la industria azucarera, 75. -- Se inicia un nuevo siglo, 80. -- El gobierno de Mon Cáceres, 85. -- Impacto de la ocupación americana, 99. -- Impacto de la primera guerra mundial, 111. -- Inicio de la Era Trujillo, 116. -- Primeros acuerdo internacionales del azúcar, 133. -- Impacto de la segunda guerra mundial, 139. -- Impuestos a la industria azucarera, 142. -- Problemas laborales, 153. -- Trujillo entra al negocio azucarero, 158. -- Aumento de la interveción del Estado, 165. -- 1957 : Le llegó el turno a los grandes, 171. -- Cuando trujillo gana el Estado pierde, 176. -- Nuestro ingreso al mercado preferencial, 179. -- La industria azucarera post - trujillista, 183. -- El gobierno de los doce años, 189. -- Otra vez los impuestos, 199. -- Los gobiernos del PRD, 206. -- Escasez de mano de obra haitiana, 211. -- El descalabro del Consejo Estatal del Azúcar, 216 | ||
| 650 | 0 |
_aSugarcane industry _zDominican Republic _xHistory. |
|
| 650 | 0 |
_aSugar trade _zDominican Republic _xHistory. |
|
| 650 | 0 |
_aSugar trade _zCaribbean Area _xHistory. |
|
| 942 |
_2lcc _cbk |
||
| 999 |
_c17744 _d17744 |
||